The tunnel of time: (Record no. 69536)
[ view plain ]
| 000 -LEADER | |
|---|---|
| fixed length control field | 00784nam a22002057a 4500 |
| 005 - DATE AND TIME OF LATEST TRANSACTION | |
| control field | 20120830110810.0 |
| 010 ## - LCCN (DPL NO) | |
| LC control number | B-463043 |
| 020 ## - INTERNATIONAL STANDARD BOOK NUMBER | |
| International Standard Book Number | 9780140272482 |
| Terms of availability | 250.00 |
| 035 ## - SYSTEM CONTROL NUMBER | |
| System control number | B-463043 |
| 037 ## - SOURCE OF ACQUISITION | |
| Stock number | dpl |
| Source of stock number/acquisition | Researchco Pub/Ven |
| 082 ## - DEWEY DECIMAL CLASSIFICATION NUMBER | |
| Classification number | 921 |
| 100 ## - MAIN ENTRY--PERSONAL NAME | |
| Personal name | Laxman, R.K. |
| 245 ## - TITLE STATEMENT | |
| Title | The tunnel of time: |
| Remainder of title | an autobiography/ |
| Statement of responsibility, etc | by R.K.Laxman |
| 260 ## - PUBLICATION, DISTRIBUTION, ETC. (IMPRINT) | |
| Place of publication, distribution, etc | New Delhi |
| Name of publisher, distributor, etc | Penguin Books |
| Date of publication, distribution, etc | 1999 |
| 270 ## - ADDRESS | |
| Address | 11, community centre panchsheel park |
| City | New Delhi |
| 300 ## - PHYSICAL DESCRIPTION | |
| Extent | 236p. |
| Other physical details | ill. |
| Dimensions | 22cm.(pbk) |
| 942 ## - ADDED ENTRY ELEMENTS (KOHA) | |
| Source of classification or shelving scheme | Dewey Decimal Classification |
| Item type | English Books |
| Call number suffix | LAX |
| Classification part | 921 |
| Withdrawn status | Lost status | Not for loan | Collection code | Home library | Current library | Date acquired | Source of acquisition | Cost, normal purchase price | Full call number | Barcode | Copy number | Cost, replacement price | Koha item type |
|---|---|---|---|---|---|---|---|---|---|---|---|---|---|
| Non-fiction | Central Library | Central Library | 04/09/2012 | RBC/27575/13.02.2012/26/18.01.2012/15.02.2012 | 250.00 | 921 LAX | B-463043 | 1 | 250.00 | English Books |
